000 002880000a22001330004500
003 MACL
040 _aMACL
090 _c9057
_d9056
100 _aA Board of Scholars
245 _aBrahma Purana
_bPart 4
260 _bMotilal Banarsidass
_c1986
650 _aReligion
942 _cBOOK
_k294.59
999 _c9002
_d9002